000 00487nam a2200169Ia 4500
008 090711s9999 xx 000 0 und d
082 _b57257
100 _aखोले गजानन शं.
245 _aमेतकुट भात
260 _c1980
300 _a86
600 _aखोले गजानन शं.
630 _aमेतकुट भात
700 _aखोले गजानन शं.
730 _aमेतकुट भात
942 _cBOOK
999 _c288357
_d288357